|
|
|
|
| LEADER |
00000nab a2200000 a 4500 |
| 001 |
vtls000728014 |
| 003 |
SK-MaSNL |
| 005 |
20260304105423.0 |
| 008 |
250429c2000 xo 0 slo |
| 015 |
|
|
|a SNBRB2000/07-19617
|
| 035 |
|
|
|a CLN000080165
|
| 035 |
|
|
|a urn:nbn:sk:snk-abk1d
|
| 035 |
|
|
|a (urnnbn)urn:nbn:sk:snk:ar-003dhh
|
| 035 |
|
|
|a (uuid)6e3b47b0-a02b-42f2-9bb4-a6a1e21aec3d
|
| 040 |
|
|
|a SNKBUCL
|b slo
|c SNKBUCL
|e AACR2
|
| 041 |
0 |
|
|a hun
|
| 044 |
|
|
|a xo
|c SK
|
| 080 |
|
|
|a 869.0-1=945.11
|2 1997
|
| 100 |
1 |
|
|a Ferreira, Vergílio
|d 1916-1996
|4 aut
|9 1406747
|
| 245 |
1 |
0 |
|a A nyelv a hely
|c Vergílio Ferreira ; fordította Végh Zsoldos Péter
|
| 650 |
0 |
7 |
|a lyrické básne, portugalské
|2 snkbucl
|9 18838
|
| 655 |
|
7 |
|a články z novín a časopisov
|2 snkbucl
|9 267496
|
| 700 |
1 |
|
|a Végh Zsoldos, Péter,
|d 1952-
|4 trl
|9 18493
|
| 773 |
0 |
|
|t Kalligram
|g Č. 6 (2000), s. 8
|x 1335-1826
|
| 850 |
|
|
|a Slovenská národná knižnica
|
| 852 |
|
|
|a Slovenská národná knižnica
|
| 958 |
|
|
|a article27
|
| 958 |
|
|
|a OND
|
| 958 |
|
|
|a HU
|
| 958 |
|
|
|a PT
|
| 958 |
|
|
|a LX
|
| 992 |
|
|
|a RBX
|
| 999 |
|
|
|c 2855579
|d 2857509
|